=LDR 00000nam 2200000 4500 =001 INLIS000000000810567 =005 20260607091226 =035 ##$$a 0010-0626000004 =007 ta =008 260607###########################0#ind## =020 ##$$a 9786237254942 =082 ##$$a 332.024 =084 ##$$a 332.024 IND t =100 #$$a Indra Ismawan (Pengarang) =245 1#$$a The Art of Money : $b Seni Mencari Dan Membelanjakan Uang Yang Harus Diketahui Semua Orang =260 ##$$a Yogyakarta :$b Media Pressindo =300 ##$$a xvi +, 312 hlm. : $b ilustrasi ; $c 23 cm =700 #$$a Arifin (Penyunting) =600 #4$$a Keuangan Pribadi =500 ##$$a Buku ini merupakan hibah dari santri kelas XII Angkatan 3 =990 ##$$a 00000005510 =990 ##$$a 00000005511